Dimathème 6e

Guardat en:
Dades bibliogràfiques
Autors principals: Lanoëlle, Alain (Autor), Nassiet, Francis (Autor), Perrinaud, Jean-Claude (Autor), Rivoallan, Louis (Autor)
Format: Llibre
Idioma:francès
Publicat: París Didier 2000
Matèries:
Etiquetes: Afegir etiqueta
Sense etiquetes, Sigues el primer a etiquetar aquest registre!

MARC

LEADER 00000nam a2200000 a 4500
001 UCL1852
003 CL-VaPUC
008 030926e20000000FR |||||||||||||||||fre|d
020 |a 2278049569 
082 0 4 |a 372.7  |b LAN  |2 21 
100 |a Lanoëlle, Alain  |e author  |9 497971 
700 0 |a Nassiet, Francis  |e author  |9 478726 
700 0 |a Perrinaud, Jean-Claude  |e author  |9 478727 
700 0 |a Rivoallan, Louis  |e author  |9 478728 
245 1 0 |a Dimathème 6e 
300 |a 287 p 
942 |c BK 
945 |d 20030926 00:00:00  |a cmena 
260 |a París  |b Didier  |c 2000 
650 0 |a Matemáticas  |x Enseñanza  |9 875527 
650 0 |a Espacio  |9 336785 
650 0 |a Estadística   |9 259535 
650 0 |a Matemática  |9 260235 
650 0 |a Matemáticas  |x Enseñanza  |9 875527 
650 7 |a MULTIPLICACION  |2 CL-VaPUC  |9 343636 
583 |a last modification  |c 20030926 00:00:00  |k Rodrigo Vera 
999 |c 305291  |d 305289 
952 |0 0  |1 0  |4 0  |6 372_700000000000000_LAN_2000  |7 0  |8 A  |9 368427  |a BIBMAT  |b BIBMAT  |c E_DIDACT  |d 2019-11-21  |i 3940438  |o 372.7 LAN 2000  |p 3940438  |r 2025-01-07  |w 2019-11-21  |y BK  |k MAT